Music Quiz

Random Music or Artist Quiz

Music of CQ4 (Clip Quiz) Stats

 Plays Quiz not verified by Sporcle

Score 0/111 Timer 20:00
0 Plays Today
Number Title % Correct
50Zombie
100%
2White Flag
93.3%
34I Will Survive
93.3%
18Hello
86.7%
26Long Road to Ruin
80%
40Bones
80%
42Moves Like Jagger
80%
47Jar of Hearts
80%
10I'm Looking Through You
73.3%
14So Yesterday
73.3%
15Party Rock Anthem
73.3%
17The One That Got Away
73.3%
20The Ballroom Blitz
73.3%
27Talk Like That
73.3%
28Advertising Space
73.3%
29Hate Me
73.3%
33Ruby
73.3%
35Stereo Hearts
73.3%
45A** Back Home
73.3%
55We Are Young
73.3%
57Titanium
73.3%
62Payphone
73.3%
80The Final Countdown
73.3%
1Trigger
66.7%
5I'll Follow The Sun
66.7%
7Gonna Get Along Without You Now
66.7%
8What Goes On
66.7%
9You Won't See Me
66.7%
11Think for Yourself
66.7%
12Brand New Shoes
66.7%
13Get Back
66.7%
16The Little Voice in My Head
66.7%
21For No One
66.7%
22If We Ever Meet Again
66.7%
23Leave Me Alone
66.7%
24Howl
66.7%
25When
66.7%
Number Title % Correct
30King of Anything
66.7%
32All I Can Remember
66.7%
37Jellyhead
66.7%
38Hurricane Drunk
66.7%
43Turn Me On
66.7%
44Tongue Tied
66.7%
46Drive By
66.7%
48I Like It Like That
66.7%
49You're the Best
66.7%
51Lying
66.7%
52Don't You Think It's Time?
66.7%
58Stronger (What Doesn't Kill You)
66.7%
59Starships
66.7%
63Take That Look Off Your Face
66.7%
75Pound the Alarm
66.7%
100I Cry
66.7%
104Thrift Shop
66.7%
19Sing With a Swing
60%
56Wild Ones
60%
60Dedication to My Ex (Miss That)
60%
61Sitting On Top of the World
60%
64My Life Would Suck Without You
60%
66Jumpstart
60%
73Earthquake
60%
77Blow Me (One Last Kiss)
60%
83Good Time
60%
88Brokenhearted
60%
90Mind Your Manners
60%
109Troublemaker
60%
110What You've Done to Me
60%
3Playground Love
53.3%
4New Favorite
53.3%
6Have a Nice Life Baby
53.3%
31It Doesn't Matter
53.3%
36Walk Right Back
53.3%
39Say You Like Me
53.3%
41These Days
53.3%
Number Title % Correct
53Always On Your Side
53.3%
54One Day
53.3%
65You Make Me Feel...
53.3%
67So Good
53.3%
68Back In Time
53.3%
69At My Most Beautiful
53.3%
70Blinding
53.3%
71Never Let Me Go
53.3%
72Fly on the Wall
53.3%
74Primadonna
53.3%
7650 Ways to Say Goodbye
53.3%
78Shake It Out
53.3%
79All This and Heaven Too
53.3%
81Give Me All Your Luvin'
53.3%
82Happy Birthday
53.3%
84Anything You Can Do I Can Do Better
53.3%
85Oh Love
53.3%
86Settle Down
53.3%
87It's My Life
53.3%
89Don't Be Afraid, You're Already Dead
53.3%
91Dark Side
53.3%
92You'll Be Mine
53.3%
93Turn Up the Love
53.3%
94I'm All Yours
53.3%
95No Light, No Light
53.3%
96Blue Lips
53.3%
97R.I.P.
53.3%
98The Sword & the Pen
53.3%
99Sweet Nothing
53.3%
101Try
53.3%
102I Love It
53.3%
103I Knew You Were Trouble
53.3%
105Scream & Shout
53.3%
106Battle! Colress
53.3%
107Battle! Champion Iris
53.3%
108Humilau City
53.3%
111Happening
53.3%

You're not logged in!

Compare scores with friends on all Sporcle quizzes.
OR
Log In

Show Comments

Extras

Top Quizzes Today


Score Distribution

Your Account Isn't Verified!

In order to create a playlist on Sporcle, you need to verify the email address you used during registration. Go to your Sporcle Settings to finish the process.

Report this User

Report this user for behavior that violates our Community Guidelines.

Details: